Least Populated Countries and Territories - Statistics

General Stats
  • This quiz has been taken 12 times
  • The average score is 5 of 10
Answer Stats
Population Country/Territory % Correct
1,000 Vatican City
100%
9,770 Nauru
92%
11,448 Tuvalu
75%
8,327 Cook Islands
42%
5,387 Montserrat
42%
18,403 Anguilla
33%
7,116 Saint Barthelemy
33%
7,915 Saint Helena/Ascension/Tristan da Cunha
33%
5,321 Saint Pierre and Miquelon
33%
15,851 Wallis and Futuna
33%
No matching quizzes found
Score Distribution
Percent of People with Each Score
Percentile by Number Answered
Your Score History
You have not taken this quiz